000 00351nam a2200133Ia 4500
005 20260328104300.0
008 260328s9999||||xx |||||||||||||| ||und||
100 _aVan Uffelen, Chris
245 0 _aPedestrian zones :
_b car -free Urban Spaces /
_cChris Van Uffelen
260 _bBraun
300 _a248 p.
650 _aESPACIO URBANO
942 _cBK
999 _c10589
_d10589